Culture Générale - Série 1702 - Statistiques

Statistiques générales
  • Ce quiz a été pris 92 fois
  • Le résultat moyen est 5 sur 10
Statistiques - réponses
Question Réponse % Correct
Quel gros fruit vert, jaune ou rouge, également appelé piment doux, peut être utilisé comme légume ? poivron
93%
Dans quelle ville française se trouve la Manufacture nationale des Gobelins ? Paris
75%
Selon le titre du second volet de la saga cinématographique "OSS 117" avec Jean Dujardin, quelle ville "ne répond plus" ? Rio
67%
Dans les albums d'Astérix, quelle est la profession d'Assurancetourix ? barde
64%
Que trouve-t-on sur le logo de la CIA, l'agence de renseignement américaine ? aigle
54%
Dans quelle ville française est né Jules Verne ? Nantes
51%
Quel mot anglais désigne le documentaire qui porte sur le tournage d'un film ? making of
40%
Dans quelle ville peut-on visiter la Corderie Royale, cette ancienne manufacture de cordage de la Marine du Roi Soleil ? Rochefort
22%
En 1972, à quel prodige de la soul doit-on le titre "You Are The Sunshine Of My Life" ? Stevie Wonder
19%
A quel pays associe-t-on la fleur appelée "anémone" ? Japon
16%
Aucun quiz correspondant
Distribution des résultats
% des personnes avec chaque résultat
Percentile par nombre de réponses
Votre historique - résultats
Vous n’avez pas pris ce quiz